[Event "Hoogovens-B"]
[Site "Wijk aan Zee"]
[Date "1998.01.28"]
[Round "8"]
[White "Bosboom, Manuel"]
[Black "Kasimdzhanov, Rustam"]
[Result "0-1"]
[WhiteElo "2450"]
[BlackElo "2565"]
[Annotator "Tisdall,J"]
[PlyCount "128"]
[EventDate "1998.01.20"]
[EventType "tourn"]
[EventRounds "11"]
[EventCountry "NED"]
[EventCategory "10"]
[SourceTitle "CBM 063"]
[Source "ChessBase"]
[SourceDate "1998.03.26"]
[SourceVersion "1"]
[SourceVersionDate "1998.03.26"]
[SourceQuality "1"]

1. d4 Nf6 2. c4 e6 3. Nf3 Bb4+ 4. Bd2 Qe7 5. g3 Nc6 6. Bg2 Bxd2+ 7. Nbxd2 d6 8.
O-O a5 9. Nb1 O-O 10. Nc3 Bd7 {A quiet novelty in place of the more
straightforward advance} (10... e5 11. h3 Bf5 12. e3 h6 13. a3 Rfe8 14. Rc1
exd4 15. Nxd4 Nxd4 16. Qxd4 Ne4 17. Nd5 Qd8 18. b4 axb4 19. axb4 c6 20. Nf4 Qf6
21. Qxf6 Nxf6 22. Rfd1 Red8 23. g4 Be4 24. Nh5 Bxg2 25. Nxf6+ gxf6 26. Kxg2 Ra4
27. Rb1 Kg7 28. Rd4 b6 29. Kf3 Kg6 30. Rb2 Kg7 31. h4 Rd7 32. h5 Ra1 33. Rbd2
Rc1 34. Ra2 c5 35. bxc5 {Szabolcsi,J-Horvath,J/HUN-ch Super 1995/EXP 51/1-0 
(45)}) 11. Rc1 Rac8 (11... Nb4 $5) 12. Qd2 Nb4 13. a3 Na6 14. Ne1 Rb8 15. Nd3
e5 16. e3 c6 17. Na4 Bf5 18. Rfd1 e4 19. Nf4 Bg4 20. Re1 g5 $5 {Very energetic
play from black, who makes harrassing this white knight the cornerstone of his
strategy.} 21. Nh3 h6 22. Kh1 (22. Qxa5 Qe6 23. Nxg5 hxg5 24. Qxg5+ Kh7 {
is not very impressive for white.}) 22... b6 23. Nc3 Nc7 24. Ng1 Rfe8 25. f3
exf3 26. Nxf3 b5 $1 27. cxb5 Nxb5 28. Nd1 $6 (28. Nxb5 Ne4 29. Qc2 cxb5 30. Kg1
$11) 28... Ne4 $1 29. Qd3 (29. Qxa5 Bxf3 30. Bxf3 Nxd4 $1 31. exd4 Nxg3+ 32.
hxg3 (32. Kg2 Qxe1 33. Qxe1 Rxe1 34. Kxg3 Rxb2 $36) 32... Qxe1+ 33. Qxe1 Rxe1+
34. Kg2 Rxb2+ $17) 29... c5 30. Kg1 Qf6 $36 {Black's active pieces make it
very difficult for white to avoid some kind of disadvantage in the centre.
What follows now is an extremely sensible sequence, but white cannot shake off
the nagging pressure against his central dark squares.} 31. Rf1 Qg7 32. a4 $1
Nc7 33. Nd2 Nxd2 34. Qxd2 Ne6 35. Nf2 Bf5 36. d5 Rxb2 37. Qxa5 Nf8 38. e4 Bd7
39. Qc7 Qe5 40. Kh1 $2 {This is a serious inaccuracy.} (40. Rc4 $5 {to secure
the d3 square for the knight} Rd2 (40... Rb3 $5) 41. Qa5 Qb2 42. Qc7 {and a
repetition of moves is likely.}) 40... Rc8 41. Qa5 Qd4 {A big difference,
black is now maximally active, and the harassment of white's horses continues.}
42. Qe1 Ng6 43. e5 {To use the e4 square, which is a necessary investment to
avoid being squeezed to death.} Nxe5 44. Rd1 Qc4 45. Ne4 Re2 $1 46. Nxd6 Rxe1
47. Rfxe1 (47. Nxc4 Rxd1 48. Nxe5 Rxf1+ 49. Bxf1 Bxa4 $19) 47... Qxa4 48. Nxc8
(48. Ra1 Qd4 49. Rad1 Nd3) 48... Bxc8 49. Ra1 Qd4 50. Ra8 Nd3 $1 51. Rxc8+ Kg7
52. Rf1 Nf2+ 53. Rxf2 (53. Kg1 Nh3+ 54. Kh1 Qg1+ 55. Rxg1 Nf2#) 53... Qxf2 54.
h3 Qxg3 55. Rxc5 Qe1+ 56. Kh2 Qe5+ 57. Kh1 h5 $19 {Black's pawn storm
guarantees a winning attack.} 58. Rc4 f5 59. Rc6 Qe1+ 60. Kh2 f4 61. d6 Qg3+
62. Kh1 f3 63. Bf1 Qf2 64. Rc1 g4 0-1

[Event "CRO-ch 6th"]
[Site "Pula"]
[Date "1998.01.22"]
[Round "13"]
[White "Nikolac, Juraj"]
[Black "Cebalo, Miso"]
[Result "1-0"]
[WhiteElo "2435"]
[BlackElo "2515"]
[Annotator "Tisdall,J"]
[PlyCount "79"]
[EventDate "1998.01.09"]
[EventType "tourn"]
[EventRounds "13"]
[EventCountry "CRO"]
[EventCategory "9"]
[SourceTitle "CBM 064"]
[Source "ChessBase"]
[SourceDate "1998.06.02"]
[SourceVersion "1"]
[SourceVersionDate "1998.06.02"]
[SourceQuality "1"]

1. d4 Nf6 2. c4 e6 3. Nf3 Bb4+ 4. Bd2 Qe7 5. g3 Nc6 6. Nc3 Bxc3 7. Bxc3 Ne4 8.
Qc2 Nxc3 9. Qxc3 O-O 10. Bg2 d6 11. O-O e5 12. d5 {One of the most solid and
tested lines in the Bogo-Indian.} Nb8 (12... Nd8 $5 {is a slightly sharper
idea that is popular in Denmark at the moment. By sending the knight to f7,
Black plans a slightly more aggressive plan, abandoning the defence of c7 in
order to mobilize some threats on the kingside.} 13. e4 f5 (13... c5 14. Nd2
Bd7 15. a3 b6 16. f4 f6 17. Rf2 Nf7 18. Raf1 a5 19. b3 Ra7 20. a4 g6 21. h3 Kg7
22. f5 Rh8 23. Qf3 g5 24. Qh5 Be8 25. h4 Qf8 26. Qe2 Rg8 27. h5 {1/2-1/2
Khalifman,A-Nielsen,P/Skolernes Skakklub 1997/CBM 60}) 14. c5 f4 15. Rfc1 Nf7
16. cxd6 cxd6 17. Rc2 Bg4 18. Ne1 Rac8 19. Qd3 Rxc2 20. Qxc2 fxg3 21. hxg3 Ng5
22. Rc1 Qf6 23. Qd2 h5 24. Rc3 Qg6 25. f3 Bh3 26. Bxh3 Nxh3+ 27. Kh2 Ng5 28.
Kh1 h4 29. g4 h3 30. Qe3 Qh6 31. Rc2 Rf4 32. Kh2 Qh4 33. Qf2 Qh6 34. Qe3 Kh7
35. Kg3 Nxe4+ 36. fxe4 Rxg4+ 37. Kf2 Qh4+ 38. Ke2 Rxe4 {0-1 Vavrak,
P-Gustafsson,J/DEN-chJ int 1997/EXT 97}) 13. c5 Bg4 (13... Na6 {feels like the
most dependable option, avoiding any intrusions on c7. The only drawback is
that it rules out the often useful move ...a5.} 14. b4 Re8 15. Rac1 e4 $5 16.
Nd4 $2 Qe5 $1 17. Qc4 dxc5 18. bxc5 Rd8 19. d6 cxd6 20. cxd6 Qxd6 21. Nb3 Bf5
22. Qb5 Qd7 23. a4 h6 24. Rc4 Be6 25. Rxe4 Bxb3 {0-1 Grabliauskas,V-Van der
Sterren,P/Wichern op 1997/EXT 97}) (13... Nd7 {looks inferior as it neglects
the c7 square and makes it harder for black to complete his development.} 14.
cxd6 cxd6 15. Rfc1 b6 16. Qa3 f5 17. Rc7 a5 18. Rac1 b5 19. R1c6 b4 20. Qe3 Ba6
21. Ng5 Bb5 22. Rb6 Rfb8 23. Rxb8+ Rxb8 24. Ne6 Qe8 25. Qg5 Qf7 26. e4 fxe4 27.
Bxe4 g6 28. h4 Be2 29. Qh6 Kh8 30. Ng5 Qe7 31. Nxh7 Qxh7 32. Qxh7+ Kxh7 33.
Rxd7+ Kg8 34. Rxd6 Kf7 35. Bxg6+ {1-0 De Juan,J-Suarez,D/ESP-ch 1997/EXP 60})
14. Rac1 a5 15. Rfe1 (15. cxd6 cxd6 16. Qc7 Nd7 (16... Qxc7 $5 {is the
confrontational approach:} 17. Rxc7 Na6 18. Rxb7 Rfb8 $1 (18... Nb4 19. a3 Nxd5
20. Rd1 $16 (20. Nxe5 dxe5 21. Bxd5 Bxe2 22. Re1 $16)) 19. Rxb8+ Rxb8 20. b3 (
20. Rc1 $5) 20... Nb4 $44 {+/=} (20... Rc8 $5)) 17. Rc3 $14 (17. Rc4) (17. Rc2)
) 15... Re8 16. Nd2 (16. cxd6 cxd6 17. Qc7 Na6 $11) 16... Na6 17. cxd6 cxd6 18.
Nc4 Rec8 $11 19. Qa3 $6 (19. Qxa5 $5 {looks too primitive to gain an advantage,
but it is not easy to see a safe route to equality for Black.} Nc5 20. Qb6 Ra6
21. Qb4 {[%csl Rc5,Re5,Rg4]} Ra4 (21... Rxa2 22. Nb6 {[%csl Rc8,Rg4]}) 22. Qc3
(22. Qb6 Ra6 $11) 22... Nd7 (22... Rxa2 $2 23. Ne3 Bd7 24. b4 Ne6 25. Qb3 $18)
23. Qd3 {and now white is ready to spring into the attack if black regains the
a-pawn:} Rxa2 24. Ne3 Rxc1 25. Rxc1 Bh5 26. Nf5 Qg5 (26... Qf8 27. Rc8 $18) (
26... Qf6 27. Rc8+ Nf8 28. Qc2 {and black is helpless against the threat of
Rxf8+ and Qc8.}) 27. Rc8+ Nf8 28. Qc2 Ra1+ 29. Bf1 f6 30. Ne7+ Kf7 31. Rc7 $18)
19... Nb4 20. Qb3 $2 {A mistake, probably due to dissatisfaction with the
planned} (20. Nb6 {after} Rxc1 21. Rxc1 Ra6 {but even here} 22. h3 $1 {gives
black problems to solve as his first rank and a5-pawn remain problems.}) 20...
Bxe2 $1 {Now black gets a very comfortable position as his knight is at least
as strong as white's bishop, and white's queenside pawns are rather vulnerable.
.} 21. Rxe2 b5 22. Re4 f5 23. Ree1 bxc4 24. Rxc4 e4 {Trying to create an
outpost for the knight on d3.} 25. Bf1 Rcb8 26. Rcc1 Na6 $2 (26... Qe5 $1 {
protecting the queen and so renewing the possbility of ...Nd3, and bringing
extra pressure to bear on the queenside would have given black a clear
advantage.}) 27. Qc3 {Now the worst is past.} Nc5 28. Qd4 Rb4 29. Rc4 Qb7 30.
b3 Rxc4 31. Qxc4 Qb4 32. Rd1 Qxc4 33. Bxc4 Kf7 34. f4 h6 35. Kf2 g5 36. Ke3 Kf6
37. Rf1 Rb8 38. Kd4 Rg8 39. a3 Rb8 40. Rb1 {and apparently the clock ended the
game?} 1-0

[Event "Dortmund SuperGM 25th"]
[Site "Dortmund"]
[Date "1997.07.10"]
[Round "6"]
[White "Kramnik, Vladimir"]
[Black "Polgar, Judit"]
[Result "1-0"]
[WhiteElo "2770"]
[BlackElo "2670"]
[Annotator "Tsesarsky,I"]
[PlyCount "81"]
[EventDate "1997.07.04"]
[EventType "tourn"]
[EventRounds "9"]
[EventCountry "GER"]
[EventCategory "18"]
[SourceTitle "CBM 060"]
[Source "ChessBase"]
[SourceDate "1997.09.29"]
[SourceVersion "1"]
[SourceVersionDate "1997.09.29"]
[SourceQuality "1"]

1. Nf3 d5 2. d4 e6 3. c4 Bb4+ 4. Bd2 Bxd2+ 5. Nbxd2 Nf6 6. g3 O-O 7. Bg2 Qe7 (
7... Nbd7 $5 8. O-O c5 (8... Qe7 9. Qc2 b6 10. cxd5 Nxd5 11. e4 Nb4 12. Qc3 (
12. Qxc7 Ba6 13. Rfc1 Rfc8 14. Qf4 Rxc1+ 15. Rxc1 Nd3 $17) 12... c5 13. a3 Na6
14. dxc5 bxc5 (14... Naxc5 15. b4 $14) 15. Nc4 $14 {1-0 Capablanca,J-Marshall,
F/New York exh 1927 (34)}) 9. cxd5 Nxd5 10. Ne4 Qb6 11. Rc1 Qxb2 12. Rc2 Qb4
13. Nxc5 Nxc5 14. dxc5 Bd7 $10 {Nikolic,P-Yudasin,L/Tilburg/1993/0,5/25/}) 8.
O-O b6 (8... Rd8 9. Qc2 c6 10. e3 Nbd7 11. Rac1 e5 12. dxe5 Nxe5 13. Nxe5 Qxe5
14. Nf3 Qh5 15. cxd5 Nxd5 16. Nd4 Bh3 17. Bxh3 Qxh3 18. Qf5 {1/2-1/2
Todorcevic,M-Garcia Padron,J/Las Palmas-B 1993}) (8... c6) 9. Rc1 Bb7 10. Ne5
$1 $14 (10. Qb3 Rd8 11. Rfe1 (11. c5 c6 12. Ne5 (12. cxb6 axb6 13. Qxb6 Rxa2
14. Ra1 Ra6 15. Rxa6 Bxa6 16. Re1 Nfd7 17. Qa5 c5 18. e4 dxe4 19. Nxe4 cxd4 20.
Nxd4 Nf6 $11) 12... Nfd7 13. Ndf3 Ba6 $11) 11... Nbd7 12. cxd5 Bxd5 13. Qc2 c5
$11 {0-1 Voiska,M-Ashlanian,L/EU-chTW Debrecen BLG-ARM 1992 (40)}) (10. cxd5 $5
exd5 (10... Nxd5 11. e4 Nb4 12. Qb3 $14) (10... Bxd5 11. Qc2 Rc8 12. e4 Bb7 13.
e5 Nd5 14. Ne4 Nd7 15. Neg5 Nf8 16. Rfd1 c5 $11 {Tsesarsky}) 11. Qa4 a5 (11...
c5 $5 $132) (11... Qxe2 $2 12. Rxc7 Qa6 13. Qxa6 Bxa6 14. Rfc1 $16) (11... c6
12. Rfe1 Nbd7) 12. Rfe1 $5 c6 (12... Na6 13. Ne5 c5 14. Qb5 $16) 13. e4 $5 Nxe4
(13... dxe4 14. Ne5 Qb4 15. Qxb4 axb4 16. Ra1 c5 17. dxc5 bxc5 18. Nec4 Rd8 19.
Nxe4 Nxe4 20. Bxe4 Bxe4 21. Rxe4 Nc6 $10) 14. Nxe4 dxe4 15. Ne5 f6 $2 {1-0
Salov,V-Sokolov,I/Amsterdam Donner mem 1996 (27)} (15... Qb4 $5 $8 16. Qc2 f5
17. a3 $140 Qxd4 18. Qb3+ Qd5 19. Qxb6 Nd7 $1 $15)) 10... Nbd7 $6 {It is
easier for Black play c7-c5 without change Ne5} (10... Rd8 $142 $5 11. Qc2 (11.
cxd5 exd5 12. Qa4 c5 13. e3) (11. Nd3 c6 12. c5 (12. cxd5 exd5 13. e3 Nbd7 $11)
12... Nbd7 13. b4 Ba6 14. Nf3 bxc5 15. bxc5 (15. Nxc5 Nxc5 16. Rxc5 Ne4 17.
Rxc6 Bb7 18. Rc1 Qxb4 19. Rb1 Qe7 20. Qb3 Ba6 $11) 15... Rab8 16. Nde5 Nxe5 17.
Nxe5 Qc7 $11) (11. Qa4 c5 12. cxd5 exd5 13. e3 a6 (13... Nbd7 14. Nc6 Bxc6 15.
Qxc6 $14 Rdc8 16. Qa4 (16. Qb7 Rcb8 17. Qa6 Re8 18. Nb3 (18. Rfd1 cxd4 19. exd4
Qb4 20. Nb3 $14) 18... c4 19. Nd2 Qb4 20. Rc2 Rac8 21. a3 $14) 16... a6 17.
dxc5 bxc5 18. Rfd1 $14) (13... Nfd7 14. Nd3 a6 $2 (14... c4 $2 15. Nxc4 dxc4
16. Bxb7 cxd3 17. Bxa8 $18) (14... a5 15. Rfd1 Na6 16. dxc5 Naxc5 17. Nxc5 Nxc5
(17... bxc5 18. Nb3 $16) 18. Qd4 $14) (14... Na6 15. Rfd1 $14 (15. Bxd5 Bxd5
16. Qxa6 cxd4 17. exd4 Qe2 18. Nb4 Qxd2 19. Nxd5 Qxb2 (19... Qxd4 20. Ne7+ Kh8
21. Nc6 Nb8 22. Nxb8 Rdxb8 23. Rc7 Qxb2 24. Rxf7 $14) 20. Rfd1 $14)) 15. Qa3
$16) 14. Qb3 $1 $14) 11... c5 12. cxd5 exd5 $132) (10... c5 11. cxd5 exd5 (
11... Bxd5 12. e4 Bb7 (12... Bxa2 13. Qa4 $18) 13. dxc5 bxc5 14. Qc2 $14) 12.
e3 Rc8 (12... Nbd7 13. Nxd7 Nxd7 (13... Qxd7 14. dxc5 $16) 14. dxc5 bxc5 15.
Nb3 Rfd8 16. Na5 (16. Bxd5 Nb6 17. e4 Nxd5 18. exd5 Rxd5 $11) 16... Rab8 17.
Nxb7 Rxb7 18. Qxd5 Rxb2 19. Rfd1 $16) 13. Qa4 Nc6 14. Ndf3 Ne4 (14... Nxe5 15.
Nxe5 Qe6 16. Rfd1 a6 17. dxc5 $1 Qxe5 (17... bxc5 18. Nd3 $14) 18. c6 Bxc6 19.
Rxc6 Qxb2 20. Rxc8+ Rxc8 21. Qxa6 Qc2 22. Rf1 $14) 15. Rfd1 Nxe5 16. Nxe5 a6
17. Qb3 Qe6 18. Bxe4 dxe4 19. Qxe6 fxe6 20. dxc5 $14) 11. Nxd7 Qxd7 12. Qc2 (
12. cxd5 exd5 13. Nf3 c6 $14 {(=)}) 12... Rac8 (12... Rad8 13. c5 Ba6 14. c6
Qd6 15. Rfe1 $14) 13. c5 c6 $6 (13... bxc5 $1 14. dxc5 $1 (14. Qxc5 Qa4 $1 15.
Rfd1 (15. Nc4 $6 Ba6 (15... Qxa2 16. Ra1 Qxc4 17. Qxc4 dxc4 18. Bxb7 Rcd8 19.
Rfd1 $14) 16. b3 (16. Ne5 Bxe2 17. Rfe1 Bh5 $15) 16... Qxa2 17. Ra1 Qxb3 18.
Rxa6 Nd7 19. Qc6 Nb8 20. Qa4 dxc4 21. Rxa7 c5 $15) (15. a3 Nd7 16. Qb4 (16. Qc3
c5) 16... Qxb4 17. axb4 c6 (17... Ba6 18. Ra1 (18. Rfe1 Bb5 19. Nb3 c6 20. Na5
(20. Nc5 Nxc5 21. bxc5 Rb8 $11) 20... e5 $2 (20... Rc7 21. e4 (21. Rc2 Nb8 22.
Rec1 Rfc8 23. e4 Bd3 $1) 21... dxe4 22. Bxe4 Nb8 23. d5 exd5 24. Bxd5 Rd8 25.
Bf3 $11) 21. e3 Rfe8 22. Bh3 Rc7 23. Bxd7 Rxd7 24. dxe5 Rc7 (24... Re6 25. f4
$16 (25. Rc5 Rxe5 26. Nxc6 Bxc6 27. Rxc6 $16)) 25. f4 Re6 26. Rc5 Rce7 27. Rec1
f6 28. Nxc6 Bxc6 29. Rxc6 fxe5 30. Rxe6 Rxe6 31. Rc8+ Kf7 32. Rc7+ Kf6 (32...
Re7 33. Rxe7+ Kxe7 34. Kf2 Kd6 35. Ke2 $18) 33. Rxa7 Rb6 34. fxe5+ $16) 18...
Bxe2 19. Rfe1 Bb5 20. Rxa7 Nb6 $132)) 15... Nd7 16. Qc3 c5 $11) 14... c6 (14...
Ba6 15. Nf3 (15. Rfe1 Rb8 16. e4 d4 (16... dxe4 17. Nxe4 Nxe4 18. Bxe4 $14) 17.
e5 (17. c6 Qc8 18. e5 d3 19. Qc5 (19. Qc3 Nd5 20. Bxd5 exd5 21. Nb3 Rb6 (21...
Qe6 22. Nd4 Qh6 23. Re3 Rfe8 24. Rce1 $14) 22. Nd4 Re8 23. Re3 Qh3 24. Rce1
Reb8 25. b3 $14) 19... Rb5 20. Qxa7 Rxb2 21. exf6 Rxd2 22. fxg7 Rd8 $15) 17...
d3) 15... Rb8 16. Rfd1 Qb5 17. Rd2 Qa5 (17... Ne4 18. Nd4 $1) 18. b3 Ne4 19.
Rdd1 Rb5 $15) 15. e4 $14) 14. Qa4 Ba8 (14... b5 15. Qa5 $16) 15. e4 $1 $16 dxe4
16. Nxe4 Nxe4 17. Bxe4 Rfd8 (17... b5 $5 18. Qc2 (18. Qd1 Rfd8) 18... f5 (18...
Qxd4 19. Bxh7+ $16 {[%csl Ra8]}) 19. Bg2 Qxd4 20. Rfd1 Qf6 21. Rd6 $16) 18.
Rfd1 Qc7 19. b4 g6 {[%csl Rf6,Rh6]} (19... e5 20. Bf5 (20. cxb6 axb6 21. d5 c5
22. d6 $1 Qb8 (22... Rxd6 23. Bxa8 $18) (22... Qd7 23. Qxd7 Rxd7 24. Bf5 $18)
23. d7 Bxe4 (23... Rc7 24. Qxa8 $18) 24. dxc8=Q $18) 20... Rb8 21. cxb6 axb6
22. d5 g6 23. Be4 f5 24. Bg2 e4 25. dxc6 $1 $16) (19... h6 $5) 20. Qa3 Qe7 21.
Qf3 b5 (21... Kg7 22. h4 $16) 22. a4 $1 bxa4 (22... a6 23. Ra1 $16) 23. Ra1 a6
24. Rxa4 Bb7 25. Ra2 Rc7 26. Rad2 Kg7 27. Qf4 Rcd7 28. Qe5+ Qf6 (28... f6 29.
Qf4 $16 {[%csl Ra6,Rc6,Re6]} Rxd4 $140 $2 30. Rxd4 Rxd4 31. Rxd4 e5 32. Bxc6 $3
exf4 (32... Bxc6 33. Qe3 $18) 33. Rd7 Qxd7 34. Bxd7 $18) 29. f4 h5 (29... Qxe5
30. fxe5 f6 31. exf6+ Kxf6 32. Kf2 $16) 30. Kf2 h4 $6 (30... Rh8 $142 31. h3
Rh7 32. Kg2 Rh8 33. g4 hxg4 34. hxg4 Rdd8 35. Qxf6+ Kxf6 36. g5+ Ke7 37. Rh1 (
37. Ra1 Rh4 38. Kg3 Rdh8 39. Bg2 f6 $132) 37... Rxh1 38. Kxh1 Rb8 (38... Rh8+
39. Kg2 $16 (39. Rh2 Rd8 40. Rd2)) 39. Kg2 Ba8 40. Ra2 (40. Rb2 a5 41. b5 cxb5
42. Bxa8 Rxa8 43. Rxb5 a4 $15) 40... Rxb4 41. Rxa6 Rb8 42. Ra7+ $16) 31. Ke3
hxg3 32. hxg3 Ba8 $6 (32... Rh8 $142) 33. Rh2 Qxe5 34. fxe5 Kf8 35. Rf1 $1 $18
(35. Rh8+ Kg7 36. Rxd8 Rxd8 37. Ra1 Bb7 38. Bd3 Ra8 $16) 35... Rxd4 (35... Kg7
36. Rfh1 Rxd4 37. Rh7+ Kf8 38. Bxg6 Rxb4 39. Rxf7+ Kg8 40. Rc7 Rb3+ 41. Kf4
Rd4+ 42. Be4 Bb7 (42... Rbb4 43. Rc8+ Kg7 44. Rh7#) 43. Rch7 $18) 36. Rh7 R8d7
(36... Rxb4 37. Rfxf7+ Kg8 38. Rhg7+ Kh8 39. Rxg6 Rb3+ 40. Kf4 Re8 41. Rh6+ Kg8
42. Rfh7 $18) 37. Rh8+ Ke7 38. Rxa8 Rxb4 39. Bxc6 Rb3+ 40. Kf2 Rd2+ 41. Ke1 1-0

[Event "Petrosian Memorial"]
[Site "Moscow"]
[Date "1999.06.19"]
[Round "2"]
[White "Portisch, Lajos"]
[Black "Larsen, Bent"]
[Result "1-0"]
[WhiteElo "2555"]
[BlackElo "2532"]
[Annotator "Tyomkin,D"]
[PlyCount "51"]
[EventDate "1999.06.??"]
[EventType "tourn"]
[EventRounds "9"]
[EventCountry "RUS"]
[EventCategory "11"]
[SourceTitle "CBM 072"]
[Source "ChessBase"]
[SourceDate "1999.10.01"]
[SourceVersion "1"]
[SourceVersionDate "1999.10.01"]
[SourceQuality "1"]

1. d4 Nf6 2. c4 e6 3. Nf3 b6 4. e3 Bb4+ 5. Nbd2 O-O 6. a3 Bxd2+ 7. Qxd2 Ne4 8.
Qc2 Bb7 9. Be2 d6 (9... f5 10. O-O (10. b3 d6 11. Bb2 Nd7 12. O-O Qe7 13. Ne1
Rae8 14. f3 Ng5 15. Nd3 e5 16. dxe5 dxe5 17. Nf2 Ne6 18. Rfe1 c5 19. Rad1 $14 {
Kozul,Z-Cebalo,M/Portoroz op 1994/0-1 (73)}) 10... d6 11. Ne1 Nd7 12. f3 Ng5
13. Nd3 Kh8 14. b4 e5 15. dxe5 dxe5 16. Nf2 Qe7 17. Bb2 Ne6 18. Rad1 $14 {
Franco,Z-Zelcic,R/Saint Vincent op 1998/1/2-1/2 (75)}) 10. b4 a5 $146 (10...
Nd7 11. O-O Qe7 12. Bb2 f5 13. d5 e5 (13... exd5 14. Rad1 c5 15. cxd5 a5 16.
Bc4 Kh8 17. Qe2 axb4 18. axb4 Ra4 $132 {1/2-1/2 Sokolov,I-Adams,M/EU-ch
Rapid-30' 1996 (52)}) 14. Bd3 c6 15. dxc6 Bxc6 16. Ne1 Qf7 17. f3 Ng5 18. Rd1
Rae8 19. Qd2 {1/2-1/2 Dreev,A-Khasin,A/URS-sf Russia-ch 1989}) 11. Bb2 axb4 12.
axb4 Rxa1+ 13. Bxa1 Nd7 (13... c5 14. bxc5 bxc5 15. O-O Nd7 {[%cal Gd8a8]} (
15... Ng5 $6 16. Nd2) 16. Bd3 Qa8 17. Bb2 {[%cal Gf1a1]}) 14. O-O Qe7 15. d5 $1
{Inserting the bishop to the game.This break is the typical in this structure.
The pawn d5 is tactically protected.} Nef6 (15... exd5 16. cxd5 Ndf6 (16...
Bxd5 17. Qxc7 $16) (16... Nef6 {-15...Nef6}) 17. Nd4 Bxd5 (17... Nxd5 $2 18.
Nf5 Qg5 19. Qxe4 Nc3 20. Ne7+ Kh8 21. Qxb7 Nxe2+ 22. Kh1 Qxe7 23. Qf3 $18) 18.
f3 Ng5 19. e4 Bb7 20. Nf5 $36 {[%csl Rc7][%cal Ga1f6]}) 16. Bd3 $1 (16. e4 $143
{White should keep this diagonal open,because he has pair of bishops,and some
chances to get an initiative against black king.}) {Black helps white to open
position with following move:} 16... exd5 $2 (16... e5 17. Nd2 $14 {[%csl Rb7]
White has an advantage in space on both sides of the board.}) 17. cxd5 $16 Nxd5
(17... Bxd5 18. Qxc7 Bxf3 19. gxf3 Nd5 20. Qc4 Qg5+ 21. Kh1 Qh5 22. Be2 $16)
18. Bxh7+ Kh8 19. Bf5 c5 $2 (19... Ne5 20. Nxe5 dxe5 21. Qe4 Re8 22. b5 $16) (
19... Nxb4 20. Qc3 $18 {[%csl Rb4,Rg7]}) 20. bxc5 dxc5 21. Qa4 $1 {[%csl Rd7]
[%cal Ga4g4]} Rd8 22. Qg4 N5f6 (22... N7f6 $2 23. Qh4+ Kg8 24. e4 $18) 23. Qh4+
Kg8 {[%tqu "En","How to continue the attack?","","","e3e4","",10]} 24. e4 $1 {
[%mdl 128] The march of pawn "e" destroyes the defense of black.} Ba6 (24... g6
25. Bxd7 $18) (24... Bxe4 25. Re1 $18 {[%cal Ge1e7]}) (24... Nf8 25. e5 Nd5 26.
Ng5 {[%cal Rf5h7]} g6 27. e6 f6 28. Nf7 $18) 25. Re1 Bd3 $4 {losing at once.} (
25... Bb7 26. Rb1 $1 Nf8 27. h3 {[%cal Ga1f6,Yb1b6]} Ng6 28. Bxf6 gxf6 29. Qg4
$18) (25... Nf8 26. e5 Nd5 27. Ng5 Nf6 28. Bc3 $18) 26. e5 1-0